[Event "SuperGM"]
[Site "Linares ESP"]
[Date "2002.03.01"]
[Round "6"]
[White "Ponomariov, Ruslan"]
[Black "Kasparov, Garri"]
[Result "1/2-1/2"]
[WhiteElo "2727"]
[BlackElo "2838"]
[Annotator "Hathaway, Mark"]

1. e4 c5 2. Nf3 d6 3. d4 cxd4 4. Nxd4 Nf6 5. Nc3 a6 6. f3
{ White has a big choice, but the system chosen by Ponomariov has been popular for a few years now. It was invented by the American GM Robert Byrne and popularized (as the English Attack) during the 1980s by English GMs Nigel Short and John Nunn. Nowadays all the top players (who play 1. e4) use it. }
 ( 6. Bc4 ) ( 6. Bg5 ) ( 6. Be3 ) ( 6. Be2 ) ( 6. f4 ) ( 6. g3 ) ( 6. a4 ) 6...e6 ( 6...e5 7. Nb3 Be6 8. Bg5 ( 8. g4 Nxg4 9. fxg4 Qh4+ 10. Kd2 
{ might be something White could survive, but not without feeling a little nervous }
 10...g6 11. Nd5 Bxd5 12. exd5 ) 8...Nbd7 ) 7. Be3 Nc6 8. Qd2 Be7 9. g4
{ White keeps Pe4 safe and begins a king-side attack, not entirely unlike the Yugoslav Attack of the Dragon Variation. }
9...O-O 10. O-O-O Nxd4 11. Bxd4 ( 11. Qxd4 $5 b5 12. g5 Nd7 13. h4 Ne5 14. Be2 ) 11...b5 12. a3 $1 Nd7 13. h4
{ White would be happy to give Ph4 to open the h-file for Rh1 (and possibly Qh2) to attack Ph7 and Kg8. }
13...Rb8 14. f4 ( 14. Qe3 $4 e5 15. Ba7 Ra8 16. Qf2 Bxh4 ) ( 14. Bd3 Ne5 ) ( 
{ Perhaps best is to continue the king-side play begun earlier. }
 14. g5 Ne5 15. Be2 b4 16. axb4 Rxb4 17. Nd5 Ra4 18. Nxe7+ Qxe7 19. Kb1 ) 14...Bb7
{ He sees the weakened Pe4 and attacks it, but has, more or less, wasted 13...Rb8. }
 ( 
{ The consistent follow-through is }
 14...b4 15. axb4 Rxb4 16. Nd5 Ra4 17. Nxe7+ Qxe7 18. Kb1 Bb7 19. Bg2 e5 ) 15. g5 Nc5 ( 
{ It's not absolutely necessary to fight White's pawns in the center. The attack on Kc1 should be a higher priority. }
 15...e5 $2 
{ to get rid of one of White's attacking pawns }
 16. Be3 exf4 17. Bxf4 Ne5 18. Nd5 Bxd5 19. Qxd5 Qc7 ) 16. Bg2 a5 17. Bxc5
{ White takes this opportunity to trade pieces because the ending slightly favors him. Black's Be7, Pa5 and Pc5 are awkward. }
17...dxc5 18. Qxd8 Rfxd8 19. Nxb5 Bxe4 20. Bxe4 Rxb5 21. Rxd8+ Bxd8 22. f5 exf5 23. Bxf5
{ This forced simplification lead to approximate equality. White's rook is better than Rb5 and Kg8 is a little cramped, but not terribly so. A few accurate moves and Black will be fine. }
23...g6 ( 23...c4 $4 24. Re1 Kf8 25. Bd7 $18 ) 24. Re1 Kg7 25. Bd3 Rb7 26. Re5 Be7
{ Black may be threatening 27...f7-f6 because 28. gxf6+ (not forced) Bxf6 counter-attacks Re5 AND Pb2. }
27. c3 ( 27. b3 c4 28. Bxc4 Bxa3+ 29. Kd2 
{ is almost dead equal }
 ) ( 27. a4 $4 
{ makes Pb2 even more backward }
 27...f6 28. Rd5 fxg5 29. hxg5 h6 30. gxh6+ Kxh6 $17 ) 27...h6 28. Kc2 hxg5 29. hxg5 Kf8 ( 29...f6 
{ forces further simplification and creates a passed pawn }
 ) 30. Rd5 Rb8 31. Rd7
{ a courageous thing to do against Kasparov, but maybe he felt pushed into it because Black could yet create a passed pawn by using ...f7-f6xg5. White needs an offensive threat to balance that. }
31...Bxg5 32. Bc4 Be7
{ The scary thing is Black has two (!) connected passed pawns, not just one. Can White defend or counter with his own queen-side pawns in time? It's a race. }
33. Ra7 g5 34. Rxa5 g4 35. Bd5 f5 ( 35...Kg7 36. Ra7 ) 36. Be6 g3 37. Bd5 Rd8 38. Bf3 Kf7
{ How does White intend to stop the speedy Pg3? }
39. b4 Rh8 ( 39...Rc8 
{ helps to keep Ra5 blocked from the king-side }
 ) ( 
{ I wonder if the most direct move is tactically sound. It's certainly complicated. }
 39...Rg8 40. Bd5+ Kf6 41. Ra6+ Ke5 42. Bxg8 
{ The gimmick is to distract the bishop and block out Ra6 to make a queen of Pg3. If Bd5 doesn't dare to capture Rg8 then the original check at d5 was just wasted time. }
 42...Bd6 ( 42...f4 43. Re6+ Kf5 44. Rxe7 f3 45. Bd5 g2 46. Rg7 Kf4 47. Bxf3 Kxf3 48. bxc5 $18 ) 43. bxc5 g2 ) 40. Kb3 ( 40. bxc5 Rh2+ 41. Kb3 g2 42. Bxg2 Rxg2 43. c6 Ke6 ) 40...Rh2 41. Bd5+ Kf6 ( 41...Kg7 42. Ra7 Kf6 43. Ra8 Ke5 44. Bb7 Bg5 45. bxc5 Rh7 
{ and the bishop has no completely safe square on the diagonal. }
 46. c6 g2 47. c7 g1=Q 48. c8=Q Qb1+ 49. Kc4 Qxb7 ) 42. Ra8 Rd2 43. Bf3 Kf7
{ This is probably the wrong way for the king to go. }
 ( 43...Rd3 
{ doesn't give the bishop time to rest }
 ) 44. bxc5 Bxc5
{ White might continue, but Black's pawns are further advance, so there's the risk Kasparov would find some way to advance them further. }
1/2-1/2

[Event "SuperGM"]
[Site "Linares ESP"]
[Date "2002.03.02"]
[Round "7"]
[White "Kasparov, Garri"]
[Black "Shirov, Alexei"]
[Result "1/2-1/2"]
[WhiteElo "2838"]
[BlackElo "2715"]
[Annotator "Hathaway, Mark"]

1. e4 c5 2. Nf3 Nc6 3. Bb5
{ This makes me wonder what Shirov had in mind that might make Kasparov change direction. This move is so out of character for Kasparov that I have doubts he has any kind of theoretical novelty; instead I think he just wants to prevent Shirov from having his way. }
 ( 3. d4 ) 3...g6 4. O-O Bg7 5. c3 Nf6
{ This is a typical, and necessary, response to White's effort to get the central pawn duo (Pe4 & Pd4) . Black continues developing, castles and hits Pe4 to force a resolution of the central pawns. }
6. Re1 O-O 7. d4 cxd4 8. cxd4
{ White threatens d4-d5 when Nc6 is awkward. }
8...d5
{ This is the usual solution: Black fixes White's pawns and then finds some way to chip into them to open the g7-a1 diagonal again. }
9. e5 Ne4
{ This is risky. If Nf3 can move to allow f2-f3 then where would Ne4 run away to? }
 ( 
{ The alternative is }
 9...Ne8 
{ and it's hard to say whether it's too passive. }
 ) 10. Nc3
{ I would have loved to see White find a move to challenge Ne4 with f2-f3. }
 ( 10. Re2 Qb6 ( 10...Bg4 $2 11. h3 Bxf3 12. gxf3 $16 ) 11. Bxc6 bxc6 12. Ne1 c5 13. Be3 ( 13. f3 $2 cxd4 14. fxe4 d3+ 15. Re3 Bh6 ) 13...cxd4 14. Qxd4 Qxd4 15. Bxd4 Ba6 16. Rc2 Rfc8 ) 10...Bf5 
{ There are a couple of elements of this position which resemble a Slav, Exchange Variation. The main difference, of course, is the pawn at e5 rather than (say) e3. White's Bc1 can still develop freely and Bg7 is blocked, but Pd4 is also permanently weak. }
11. Nh4 Be6 12. Bxc6 ( 12. Nxe4 dxe4 
{ and the attack on Pd4 is exposed while Nh4 is momentarily stuck. }
 13. Bxc6 ( 13. Rxe4 $2 Nxe5 
{ and all of Black's pieces are free to move! }
 ) 13...bxc6 14. Rxe4 
{ Grabbing the pawn is risky because White's position is a little awkward and not fully developed. }
 14...Qb6 ) 12...bxc6 13. Na4
{ Ne4 has no easy way out. White threatens f2-f3xe4. }
13...g5
{ Yes, this is ugly, but it's the only way to force Nh4 back, block Pf2 and free Bg7. It doesn't appear to hurt the safety of Kg8 since there are several pieces around him to defend. There is, however, still a possibility of Ne4 becoming stuck, as in the Kasparov-Adams game (Petrov's Def.) where Black's Qe4 got stuck. }
14. Nf3 f6 15. Be3 g4 16. Nd2 fxe5 17. Nxe4 dxe4
{ Black's pawns look funny, but his pieces look fine. }
18. Nc5 Bf5 19. dxe5 Qxd1 20. Raxd1 Bxe5 21. Nd7
{ If the best Kasparov can do is regain one of the bishops then he has to admit Black's success, or rather his own inability to put a dent in Shirov's fine play. This game shows Shirov's strength, despite his odd results against some of the lower-finishing players (in this event; I wouldn't rank Anand or Adams as "lower or weaker players" by any measure) . }
21...Bxd7 22. Rxd7 Bxb2
{ For the moment Black is ahead two pawns, but they are strew all around and weak. }
23. Rxe7 Rfe8 24. Rc7 ( 24. Rxa7 Rxa7 25. Bxa7 Ra8 26. Be3 Rxa2 27. h3 gxh3 28. gxh3 Ra1 29. Rxa1 Bxa1 
{ is certainly to be avoided by Kasparov! }
 ) 24...Rec8 25. Re7 Re8 26. Rc7
1/2-1/2

[Event "SuperGM"]
[Site "Linares ESP"]
[Date "2002.03.02"]
[Round "7"]
[White "Anand, Viswanathan"]
[Black "Ponomariov, Ruslan"]
[Result "1/2-1/2"]
[WhiteElo "2757"]
[BlackElo "2727"]
[Annotator "Hathaway, Mark"]

1. e4 c5
{ Earlier in the event he played the Black side of a Spanish Game against Michael Adams. Perhaps he's versatile or just playing the opening he feels will cause his opponent the most difficulty (a la a former world champion Emanuel Lasker or his countryman GM Vassily Ivanchuk (!) ) . }
2. Nf3 Nc6 3. d4 cxd4 4. Nxd4 e5
{ This is less common than 4...Nf6 5. Nc3 e5, but it has it's own interesting character. Black avoids an early ...Ng8-f6 to prevent White from developing Bc1-g5 with a pin. }
5. Nb5 d6
{ Neo-Sveshnikov or Kalashnikov Variation }
 ( 5...a6 
{ The Lowenthal Variation is rarely played nowadays. }
 6. Nd6+ Bxd6 7. Qxd6 ) 6. c4
{ Pc4 and Pe4 seem perfect for securing d5 and keeping Pd6 backward, but those pawns also get in the way of Be2 and Qd1, so it's not an advantage without a downside. }
 ( 6. N1c3 
{ is preferred by some players }
 6...a6 7. Na3 ) 6...Be7
{ continuing to avoid ...Ng8-f6. In fact, some players use ...Ng8-e7, after ...a7-a6 chases Nb5 away. }
7. Be2 a6 8. N5c3 Bg5
{ He's exchanging-off his bad bishop, it's blocked by pawns on dark squares. But, which is better, to trade them and weaken Pd6 or to leave it at e7 and have a bad bishop? }
9. Nd2
{ White is weak at d4, so he's not so crazy about exchanging Bc1. }
 ( 9. Bxg5 Qxg5 10. O-O ( 10. Qxd6 Qxg2 11. Rf1 ) 10...Nd4 11. Nd5 Qd8 
{ and Black can hold the dark squares }
 ) 9...Nf6
{ Bg5 certainly looks odd, but as long as it can be exchanged for Nd2 or Bc1 it's fine. White isn't about to go chasing after it with pawns. }
10. O-O O-O 11. b3 ( 11. Nf3 Bxc1 12. Rxc1 Bg4 
{ and after removing Nf3 Black will have sufficient control of d4 to plant a knight there }
 ) 11...Nd4 12. Nf3 Bxc1 13. Rxc1 Nxf3+
{ Be2 is blocked by his pawns, so Nf3 could be more dangerous to Black. }
14. Bxf3 Be6 15. Qd2 Qc7 16. Rfd1 Rfd8
{ How many times have we all seen, in books on the middlegame or in annotated GM games, examples of severe weaknesses, such as Pd6, leading to a decisive game result? In this case Black has a bad weakness, but has also exchanged a couple of minor pieces, so that he's not terribly cramped. If Black had another weakness he might lose, but with only the one he's got a decent chance of drawing. }
17. h3
{ not very adventurous and it doesn't seem so necessary when both Black minor pieces are needed to guard square d5 -- there's no real threat of a Black incursion at g4 }
 ( 17. Nd5 Bxd5 ( 17...Nxd5 $4 18. cxd5 
{ and Be6 is lost }
 ) 18. cxd5 
{ gives White the first crack at utilizing an open file }
 18...Qd7 19. Rc3 Rdc8 20. Rdc1 
{ and Black can't dissipate the pressure with exchanges because ...Rxc3 is met with Qxc3, dominating the c-file }
 ) 17...h6 18. Qe2 Rac8 19. Bg4 Qa5
{ Ponomariov shows he won't be suckered away from guarding square d5 and prepares ...b7-b5 to completely break the central bind. }
20. Nd5
{ Anand didn't play horribly, but he certainly missed one big opportunity with 17. Nd5. }
1/2-1/2

[Event "SuperGM"]
[Site "Linares ESP"]
[Date "2002.03.02"]
[Round "7"]
[White "Ivanchuk, Vassily"]
[Black "Adams, Michael"]
[Result "1-0"]
[WhiteElo "2717"]
[BlackElo "2742"]
[Annotator "Hathaway, Mark"]

1. e4
{ Though this move isn't unusual for Ivanchuk he had played 1. d4 and 1. Nf3 earlier in this tournament. }
1...e5 2. Nf3 Nc6
{ No more Petrov's Defense, as he played against Kasparov! }
3. Bb5 a6 4. Ba4 Nf6 5. O-O Be7 6. Re1 b5 7. Bb3 O-O 8. a4
{ an anti-Marshall Gambit idea }
8...Bb7 9. d3
{ Pe4 needs defense to avoid ...Nc6-a5xb3 when Pe5 and Pe4 would just be traded. With Pd3 White might also consider the maneuver Nb1-d2-f1-g3, avoiding simplifying exchanges and aiming to attack on the king-side. }
 ( 9. Nc3 b4 10. Nd5 Na5 11. Nxf6+ Bxf6 12. Ba2 ) 9...Re8
{ Adams keeps hoping he'll find a way for ...d7-d5. }
10. Na3 $5
{ This is certainly more contentious and forceful than Nb1-d2. He tries to force Pb5 away, so he can move Na3-c4 to add pressure to Pe5. }
 ( 
{ Noticing that Nf6 has no good squares might lead one to consider }
 10. Nxe5 Nxe5 11. f4 Ng6 12. e5 
{ but }
 12...Nd5 
{ and Black escapes without harm. }
 ) 10...Bxa3
{ This might be considered a downside of 10. Na3 since it stops White's plan, or it might be considered a positional gain since Black is giving a bishop for the knight. Such exchanges can be difficult to evaluate. }
11. bxa3 $5
{ This avoids any misplacing of Ra1 and he knows Pa4 can be exchanged-off, so he needn't worry about doubled pawns. The bigger question is whether this turns over control of the direction of the game to Black. How much can Black achieve now that he has a move to begin forcing events. }
11...d5 12. exd5
{ White naturally seeks simplifying exchanges now, and more open positions should be good for his bishops. }
12...Nxd5 13. Bb2 $2 ( 13. Bg5 
{ should be a free development tempo because Black would be foolish to play ...f7-f6, self-pinning Nd5. }
 13...Qd6 ( 13...f6 $6 14. Bd2 ) 14. c4 
{ forcing open lines which should allow White's pieces to become as active as Black's }
 ) 13...Nf4
{ Black takes advantage of the moment and hops right in; this also opens the diagonal for Bb7. }
14. Bc1
{ Ivanchuk recognizes his mistake and tries to rectify it, even at the cost of another tempo. But, this gain of time surely gives some initiative to Black. }
14...Nxg2 $5
{ leading to amazing complications. The knight is obviously immune because of 15...Nd4 when Nf3 would be pinned, won and an attack on Kg2 would begin. }
 ( 14...Qf6 ) 15. Ng5 $1
{ Amazingly this gives White a very good chance to turn the tables. Ng2 and Re1 remain en prise while White begins to attack at Pf7 and/or Ph7. White turns the question of whether White's king is exposed into one of which side's queen can participate in an attack best: and the answer to that question is White! }
15...Nxe1
{ Black grabs material and White begins an attack... }
 ( 15...Nf4 $4 16. Bxf7+ 
{ followed by Bxf4 }
 ) 16. Qh5
{ It's amazing that Black can survive this position for more than a couple of moves. }
16...Qd7 $1
{ unable to defend Pf7 or Ph7 he avoid checkmates and gives Kg8 a path to walk away from the attack on dark squares (... Kg8-f8-e7-d8-c8 or ...Kg8-f8-e7-d6-c5-b6) . }
 ( 16...h6 $2 17. Bxf7+ $2 ( 17. Qxf7+ $2 Kh8 18. Kf1 
{ threatening to remove Ne1 and avoiding the check resulting from ...Ne1-f3 }
 ( 18. Qg6 $2 
{ allows an amazingly nifty response from Black }
 18...Nf3+ 
{ first one knight }
 19. Nxf3 Nd4 20. Ng5 Nf3+ 
{ then the other (!) to clear the way for Bb7 to play }
 21. Nxf3 Bxf3 22. Bxh6 Qd7 $19 ) 18...Nd4 $1 ( 18...Nf3 $4 19. Qxf3 
{ doesn't stop White from jumping right back to the light squares with mating threats and incidentally has the immediate threat of Ng5-f7+ }
 ) 19. Kxe1 Nxb3 20. Qxb3 hxg5 $19 ) ( 17. Nxf7 $1 
{ gaining time by threatening Qd8 (with a discovered check to boot) and clearing the way for Bc1xh6 to completely break through Black's defenses }
 17...Qe7 18. Bxh6 
{ smashing through with every piece!!! }
 ) 17...Kh8 18. Qg6 Nf3+ 19. Nxf3 Ne7 ) ( 16...Qd6 $2 17. Qxf7+ Kh8 18. Qh5 
{ sets up Qd6 & Kh8 for a fork }
 ) 17. Bxf7+ ( 17. Nxf7 Kf8 18. Qxh7 Qg4+ 19. Kf1 Nd4 $17 ) 17...Kf8 18. Be3 $1 ( 
{ The straight-forward forcing variation }
 18. Nxh7+ Ke7 19. Bg5+ Kd6 20. Rxe1 Nd4 
{ gives Black a chance to do more than survive }
 ( 20...Rh8 $2 21. Qg6+ Kc5 22. Be3+ Nd4 23. c3 ) ) 18...Nd4 19. Rxe1
{ threatening Bxd4 followed by Nxh7+, winning }
19...Nf3+ $2
{ Why would he move Nd4 when that piece was doing valuable service preventing Be3-c5+? }
 ( 
{ It seems to me that }
 19...Qc6 
{ pretty well puts an end to White's attack. }
 20. Ne4 $2 ( 20. Nxh7+ Ke7 21. Bg5+ Kd6 22. Re4 $13 ( 22. Qg6+ $4 Re6 ) ) 20...Re7 ) 20. Kf1 Nxg5 ( 20...Nxe1 $4 21. Bc5+ Re7 22. Nxh7# ) 21. Bc5+ Re7 22. Rxe5 Nxf7 23. Rxe7 Qxe7 24. Bxe7+ Kxe7
{ Adams did a fantastic job to stay alive. But, the White queen can do some real damage. }
25. Qc5+ Kd7 26. Qd4+ Ke7 27. Qxg7 bxa4 $2 ( 27...Bd5 
{ keeps the piece coordination much better }
 ) ( 27...h6 28. Qc3 c6 29. Qc5+ Kd7 30. Qb6 Rb8 
{ and Black might hold it all together. That would be a truly amazing turnaround. }
 ) 28. Qc3 Kd7 29. Qd4+ Nd6 ( 29...Ke6 30. Qc4+ Kf6 31. Qxc7 
{ is very awkward for Bb7 }
 ) 30. Qxa4+ Ke6 31. Qg4+ Nf5 32. Qc4+ Bd5 33. Qxc7 h5 34. c4 Bh1 35. f4
{ threatening Qe5+ to win Nf5 }
35...Rf8 36. Qb6+ Kf7 37. Qa7+ Ne7
{ Black guards against checks and prepares to threaten Pf4 with Rf8 }
 ( 37...Kg6 $4 38. Qg1+ 
{ catches Bh1 }
 ) ( 37...Kg8 $4 38. Qg1+ 
{ catches Bh1 }
 ) 38. Qxa6
{ Meanwhile, White grabs another pawn. This is such an unusual mix of pieces, I don't know quite how to explain it. Black appears to be ahead in pieces, but White's queen is everywhere and Ph5 is weak. When will White advance a pawn for promotion? How can Black attack Kf1 or stop the pawns, there are so many? }
38...Rb8
{ Black aims for 39...Rb8-b1+ 40. Kf1-e2 Rb2+ 41. Ke3?? Nf5# }
39. d4 Rb1+ ( 39...Rb2 40. d5 
{ preventing ...Ne7-f5 because of Qa6-e6+ keeps Kf1 safe from an immediate mating attack }
 40...Ng6 41. Qe6+ Kg7 42. f5 ) 40. Ke2 Rb2+ 41. Kd3 Rb3+ ( 41...Rxh2 42. d5 
{ is where the game gets after move 44. Kd3 }
 ) 42. Kd2 Rh3 43. d5
{ The White pawns sort of cut Black's "army" in half. Bh1 and Rh3 are separate from Ne7 and Kf7. At the moment White's Kd2 is also separated from the area where Qa6 can play offense, but with Pd5 it doesn't matter. Black's king and knight can't defend against White's queen and pawn. This forces a crisis upon Black; he has to get rid of Pd5. }
43...Rxh2+ 44. Kd3 Nxd5 45. cxd5 Bxd5 46. f5 ( 
{ Here's a very nice problem-like conclusion which might have occurred. }
 46. Qa7+ Ke6 
{ not entirely forced }
 47. f5+ Kxf5 48. Qc5 Ke6 49. Qc8+ Kf6 50. Qd8+ Ke6 51. Qg8+ 
{ chases Black's king away from the bishop or onto the dark-square diagonal b8-h2, so that Qg8-b8+ wins Rh2 }
 ) 46...Ra2 47. Qa7+ Kf6 ( 47...Ke8 48. f6 ) ( 47...Kg8 48. Qb8+ Kf7 49. Qc7+ ) 48. Qd4+ Kg5 49. Qxd5 Rxa3+ 50. Ke4
{ Wow, what a game! It might take both players a few weeks to recover from the given and take of this game. }
1-0